Score 0/108 Timer 10:00
14 Plays Today
% Correct
O,
88.6%
you
88.6%
you
88.6%
you
88.6%
you
88.6%
you
88.6%
you
88.6%
O,
88.6%
you
88.6%
You
88.6%
a
86.4%
a
86.4%
love,
84.1%
No
84.1%
your
84.1%
no
84.1%
your
84.1%
your
84.1%
love,
84.1%
your
84.1%
that
81.8%
were
81.8%
yourself!
81.8%
but,
81.8%
are
81.8%
yours
81.8%
yourself
81.8%
that
81.8%
were
81.8%
Yourself
81.8%
but
81.8%
longer
77.3%
than
72.7%
live:
72.7%
here
70.5%
And
68.2%
% Correct
And
68.2%
end
65.9%
So
63.6%
so
63.6%
so.
63.6%
should
61.4%
should
61.4%
should
61.4%
Against
59.1%
this
59.1%
coming
59.1%
again,
59.1%
Against
59.1%
prepare,
54.5%
sweet
50%
in
50%
sweet
50%
sweet
50%
in
50%
semblance
47.7%
to
47.7%
give.
47.7%
to
47.7%
the
47.7%
other
45.5%
beauty
45.5%
lease
45.5%
some
43.2%
which
40.9%
Which
40.9%
Find
36.4%
determination;
36.4%
hold
34.1%
yourself's
31.8%
then
29.5%
decease,
27.3%
% Correct
after
25%
When
25%
say
22.7%
issue
20.5%
bear,
20.5%
Who
20.5%
husbandry
20.5%
of
20.5%
of
20.5%
my
20.5%
know
20.5%
had
20.5%
father;
20.5%
let
20.5%
son
20.5%
form
18.2%
winter's
18.2%
lets
15.9%
fair
15.9%
house
15.9%
decay,
15.9%
gusts
15.9%
rage
15.9%
dear
15.9%
fall
11.4%
honour
11.4%
stormy
11.4%
day
11.4%
death's
11.4%
eternal
11.4%
cold?
11.4%
none
11.4%
unthrifts:
11.4%
might
9.1%
uphold
9.1%
barren
6.8%
Remove Ads.
Support Sporcle.
Get the best of Sporcle when you Go Orange. This ad-free experience offers more features, more stats, and more fun while also helping to support Sporcle. Thank you for becoming a member.

You're not logged in!

Compare scores with friends on all Sporcle quizzes.
OR
Log In

Show Comments

Extras

Created Sep 8, 2017ReportNominate
Tags:Shakespeare Quiz

Top Quizzes Today


Score Distribution

Your Account Isn't Verified!

In order to create a playlist on Sporcle, you need to verify the email address you used during registration. Go to your Sporcle Settings to finish the process.

Report this User

Report this user for behavior that violates our Community Guidelines.

Details: